ROLE OF DIETARY FIBERS AND NUTRACEUTICALS IN PREVENTING DISEASE (Record no. 8275)

MARC details
000 -LEADER
fixed length control field 00476nam a22001697a 4500
005 - DATE AND TIME OF LATEST TRANSACTION
control field 20230403154722.0
008 - FIXED-LENGTH DATA ELEMENTS--GENERAL INFORMATION
fixed length control field 230401b |||||||| |||| 00| 0 eng d
020 ## - INTERNATIONAL STANDARD BOOK NUMBER
ISBN 978-8188449-72-5
041 ## - LANGUAGE CODE
Language code of text/sound track or separate title eng
082 ## - DEWEY DECIMAL CLASSIFICATION NUMBER
Classification number 615.8 AUG-R
100 ## - MAIN ENTRY--AUTHOR NAME
Personal name AUGUSTI,K T., FAIZAL,P.,AND OTHERS
245 ## - TITLE STATEMENT
Title ROLE OF DIETARY FIBERS AND NUTRACEUTICALS IN PREVENTING DISEASE
260 ## - PUBLICATION, DISTRIBUTION, ETC. (IMPRINT)
Name of publisher PHARMA MED PRESS
300 ## - PHYSICAL DESCRIPTION
Number of Pages 525;P.
650 ## - SUBJECT ADDED ENTRY--TOPICAL TERM
Topical Term PHARMACY
General subdivision B. PHARMA
942 ## - ADDED ENTRY ELEMENTS (KOHA)
Koha item type Books
Holdings
Lost status Damaged status Collection code Home library Current library Shelving location Date acquired Source of acquisition Cost, normal purchase price Full call number Accession Number Koha item type
    Reference JRU Library JRU Library SHELF-19-F 27/03/2023 LOHIA BOOK INTERNATIONAL 1995.00 615.8 AUG-R 27655 Books
    PHARMACY JRU Library JRU Library SHELF-19-F 27/03/2023 LOHIA BOOK INTERNATIONAL 1995.00 615.8 AUG-R 27656 Books